000
00250nam a2200097Ia 4500
001
912065
005
20250826185731.0
008
250824s9999 xx 000 0 und d
245
0
_a
GÜVERCİNCİ KELOĞLAN
_c
SAMED BEHRENGİ
260
_b
AKVARYUM YAYINLARI
999
_c
912065
_d
912065